Canzoncine di Natale (Record n. 102407)

Dettagli MARC
000 -LEADER
fixed length control field 01790njm a2200349Ia 4500
001 - CONTROL NUMBER
control field 82886
003 - CONTROL NUMBER IDENTIFIER
control field IT-RoPAU
005 - DATE AND TIME OF LATEST TRANSACTION
control field 20220918181154.0
008 - FIXED-LENGTH DATA ELEMENTS--GENERAL INFORMATION
fixed length control field 131025s9999 xx 000 0 und d
040 ## - CATALOGING SOURCE
Original cataloging agency IT-RoPAU
040 ## - CATALOGING SOURCE
Transcribing agency IT-RoPAU
041 ## - LANGUAGE CODE
Language code of text/sound track or separate title ITALIANO
999 ## - SYSTEM CONTROL NUMBERS (KOHA)
Koha Dewey Subclass [OBSOLETE] n.d.
100 ## - MAIN ENTRY--PERSONAL NAME
Personal name Di Mario Angelo
9 (RLIN) 853
100 ## - MAIN ENTRY--PERSONAL NAME
Relator term Autore musica
9 (RLIN) 26163
100 ## - MAIN ENTRY--PERSONAL NAME
Miscellaneous information Codice autore musica SPICS: 10868
9 (RLIN) 855
245 ## - TITLE STATEMENT
Title Canzoncine di Natale
250 ## - EDITION STATEMENT
Edition statement 1a ed.
260 ## - PUBLICATION, DISTRIBUTION, ETC. (IMPRINT)
Place of publication, distribution, etc. ALBANO
260 ## - PUBLICATION, DISTRIBUTION, ETC. (IMPRINT)
Name of publisher, distributor, etc. EP - MUSICALI E DISCOGRAFICHE
Date of publication, distribution, etc. 1989 [1a Ed.:1989 - Ed. Lingua Orig.: 1989]
300 ## - PHYSICAL DESCRIPTION
Extent MUSICASSETTA
300 ## - PHYSICAL DESCRIPTION
Dimensions 39 minuti (Testo: 0 pag.)
500 ## - GENERAL NOTE
General note Canzoni di Natale
505 ## - FORMATTED CONTENTS NOTE
Formatted contents note Dolce è l'attesa (4:00) - Viva Gesù bambino (4:00) - E' apparsa una stella (4:00) - Santo Natale (4:00) - Notte santa notte d'amore (4:00) - Suonate i campanelli (4:00) - La gioia di Natale (4:00) - Auguri a Gesù bambino (4:00) - Vola vola, canzoncina di Natale (3:00) - Natale in coro (4:00)
511 ## - PARTICIPANT OR PERFORMER NOTE
Participant or performer note Coro "Le Piccole Voci di A. Di Mario"
650 ## - SUBJECT ADDED ENTRY--TOPICAL TERM
Topical term or geographic name as entry element CANTI DI NATALE [CASSETTE]
Relator term Codice MATERIA SPICS: 9951
9 (RLIN) 14118
700 ## - ADDED ENTRY--PERSONAL NAME
Personal name Tombolato Pino
Miscellaneous information Codice autore testo/musica SPICS: 10145
Relator term Autore testo/musica
Name of part/section of a work Dolce è l'attesa - Viva Gesù bambino - Notte santa notte d'amore - Auguri a Gesù bambino - Vola vola, canzoncina di Natale - Natale in coro
9 (RLIN) 26164
700 ## - ADDED ENTRY--PERSONAL NAME
Personal name Santoni F.
Miscellaneous information Codice autore testo/musica SPICS: 28888
Relator term Autore testo/musica
Name of part/section of a work E' apparsa una stella - Vola vola, canzoncina di Natale
9 (RLIN) 26165
700 ## - ADDED ENTRY--PERSONAL NAME
Personal name Isadora
Miscellaneous information Codice autore testo/musica SPICS: 27971
Relator term Autore testo/musica
Name of part/section of a work Santo Natale - La gioia di Natale
9 (RLIN) 26166
700 ## - ADDED ENTRY--PERSONAL NAME
Personal name Mintur
Miscellaneous information Codice autore testo/musica SPICS: 28889
Relator term Autore testo/musica
Name of part/section of a work Suonate i campanelli
9 (RLIN) 26167
942 ## - ADDED ENTRY ELEMENTS (KOHA)
Koha item type MUSICASSETTE
Source of classification or shelving scheme Dewey Decimal Classification
Dati di copia
Withdrawn status Lost status Damaged status Not for loan Home library Current library Date acquired Total Checkouts Full call number Date last seen Price effective from Koha item type Public note
    Buone Condizioni Not For Loan SPICS-MEDIATECA SPICS-MEDIATECA 25/10/2013   82886 25/10/2013 25/10/2013 MUSICASSETTE Progr. Ins.: 20932 / N.Vol.: 1 / Copie: 1 - Copia rara: n.d. / date import: 01.01.2014 - By Epidotti, Trombetti, Vaglietti
CREDITS: SOCIETA' SAN PAOLO Via A.Severo, 58 - ROMA (RM) & PERIODICI SAN PAOLO SRL Via Giotto, 36 MILANO & CISF Via Giotto, 36 MILANO & EDIZIONI SAN PAOLO SRL,  Piazza Soncino, 5 CINISELLO BALSAMO (MI) -- ITALY